000 00372pab a2200145 454500
008 180718b1998 xxu||||| |||| 00| 0 eng d
100 _aRehman Sobhan
245 _aRegional cooperation in South Asia: a quest for identity
260 _c1998
300 _ap.3-26
362 _aJan-Jun
650 _aRegional cooperation
773 _aSouth Asian Survey
909 _a38700
999 _c38700
_d38700